UEFA Champions League players 2011/12 - Statistics

General Stats
  • This quiz has been taken 6 times
  • The average score is 101 of 697
Answer Stats
Rank Player Positions Nationality Matches Goals (assists) Clubs % Correct
3 Ashley Cole DF 12 0 (1)
100%
5 Frank Lampard MF 12 3 (3)
100%
1 Jérôme Boateng DF 13 0 (1)
100%
229 Joe Cole MF 6 0 (0)
100%
99 John Terry DF 8 1 (0)
100%
7 Juan Mata MF, FW 12 2 (3)
100%
150 Kevin-Prince Boateng MF, FW 7 3 (0)
100%
8 Manuel Neuer GK 12 0 (0)
100%
254 Mats Hummels DF 6 1 (0)
100%
10 Philipp Lahm DF, MF 12 0 (1)
100%
171 Adil Rami DF 6 1 (0)
75%
133 Ángel Di María MF, FW 7 2 (1)
75%
619 Antônio da Silva MF 1 0 (0)
75%
45 Bastian Schweinsteiger DF, MF 9 0 (2)
75%
47 Carles Puyol DF 9 0 (0)
75%
26 Cristiano Ronaldo MF, FW 10 10 (3)
75%
14 David Luiz DF, MF 11 1 (0)
75%
194 David Silva MF, FW 6 1 (2)
75%
80 Didier Drogba FW 8 6 (2)
75%
334 Eduardo da Silva FW 5 0 (0)
75%
29 Fernando Torres FW 10 3 (4)
75%
52 Florent Malouda MF, FW 9 0 (2)
75%
4 Franck Ribéry MF, FW 12 3 (2)
75%
340 Gary Cahill DF 5 0 (0)
75%
6 Gonzalo Higuaín MF, FW 12 3 (2)
75%
31 Iker Casillas GK 10 0 (0)
75%
55 John Obi Mikel MF 9 0 (1)
75%
434 Jordi Alba DF, MF 4 0 (0)
75%
15 José Bosingwa DF 11 0 (0)
75%
351 José Nadson Ferreira DF 5 0 (0)
75%
16 Karim Benzema FW 11 7 (5)
75%
648 Laurențiu Buș MF 1 0 (0)
75%
17 Lionel Messi MF, FW 11 14 (5)
75%
246 Marek Čech DF 6 0 (0)
75%
360 Marek Čech GK 5 0 (0)
75%
9 Mario Gómez FW 12 12 (0)
75%
595 Paulo Ferreira DF 2 0 (0)
75%
2 Petr Čech GK 13 0 (0)
75%
38 Ramires MF 10 3 (2)
75%
159 Robin van Persie FW 7 4 (0)
75%
160 Salomon Kalou MF, FW 7 2 (0)
75%
39 Sergio Busquets MF 10 1 (0)
75%
164 Thiago Silva DF 7 1 (0)
75%
11 Thomas Müller MF, FW 12 2 (1)
75%
20 Víctor Valdés GK 11 0 (0)
75%
125 Zlatan Ibrahimović FW 8 5 (4)
75%
311 Aaron Ramsey MF 5 1 (0)
50%
174 Alexandre Lacazette FW 6 1 (1)
50%
318 Alexandre Pato MF, FW 5 2 (1)
50%
175 Alexis Sánchez MF, FW 6 2 (0)
50%
390 Alex Oxlade-Chamberlain MF, FW 4 1 (1)
50%
42 Alou Diarra MF 9 0 (0)
50%
477 Anderson MF 3 0 (0)
50%
73 Andrés Iniesta MF 8 3 (1)
50%
74 Arjen Robben MF, FW 8 4 (1)
50%
24 Branislav Ivanović DF 10 2 (0)
50%
48 Cesc Fàbregas MF, FW 9 1 (3)
50%
49 Christian Abbiati GK 9 0 (0)
50%
78 Clarence Seedorf MF 8 0 (2)
50%
185 Cristian Chivu DF 6 0 (0)
50%
625 Danny da Costa DF, FW 1 0 (0)
50%
330 Dejan Stanković MF 5 0 (0)
50%
560 Diego Forlán MF, FW 2 0 (0)
50%
139 Diego Milito FW 7 2 (1)
50%
494 Djimi Traoré DF 3 0 (0)
50%
331 Douglas Costa MF, FW 5 0 (0)
50%
81 Edinson Cavani MF, FW 8 5 (2)
50%
82 Esteban Cambiasso MF 8 1 (1)
50%
342 Gerard Piqué DF 5 0 (1)
50%
145 Goran Pandev MF, FW 7 0 (0)
50%
30 Holger Badstuber DF, MF 10 0 (1)
50%
430 Javier Hernández FW 4 0 (0)
50%
32 Javier Mascherano DF, MF 10 0 (0)
50%
96 Javier Zanetti DF, MF 8 0 (1)
50%
646 Kolo Touré DF 1 0 (0)
50%
440 Lassana Diarra MF 4 0 (1)
50%
152 Lúcio DF 7 1 (0)
50%
153 Marcelo DF, MF 7 0 (3)
50%
247 Mario Götze MF, FW 6 0 (2)
50%
57 Mathieu Valbuena MF, FW 9 1 (2)
50%
34 Mesut Özil MF, FW 10 2 (3)
50%
589 Michael Essien DF, MF 2 0 (0)
50%
264 Nani MF, FW 6 0 (2)
50%
368 Nigel de Jong MF 5 0 (0)
50%
271 Pablo Hernández MF, FW 6 1 (1)
50%
459 Pablo Zabaleta DF, MF 4 0 (0)
50%
61 Paulo Jorge Soares Gomes DF 9 0 (0)
50%
62 Pedro MF, FW 9 4 (0)
50%
671 Pedro Mendes DF 1 0 (0)
50%
63 Pepe DF, MF 9 0 (0)
50%
372 Raúl Albiol DF 5 0 (0)
50%
18 Raul Meireles MF 11 2 (1)
50%
599 Ricardo Carvalho DF 2 0 (0)
50%
280 Robert Lewandowski FW 6 1 (2)
50%
113 Robinho MF, FW 8 3 (2)
50%
678 Ryan Bertrand DF, MF 1 0 (0)
50%
536 Ryan Giggs MF, FW 3 1 (2)
50%
116 Sami Khedira MF 8 1 (0)
50%
283 Samir Nasri MF, FW 6 0 (1)
50%
287 Sergio Agüero FW 6 1 (0)
50%
19 Sergio Ramos DF 11 1 (1)
50%
290 Sidney Sam MF, FW 6 1 (2)
50%
467 Siem de Jong MF, FW 4 1 (1)
50%
295 Theo Walcott MF, FW 6 0 (1)
50%
538 Tino Costa MF 3 1 (2)
50%
12 Toni Kroos MF 12 2 (5)
50%
303 Vincent Kompany DF 6 0 (0)
50%
306 Walter Samuel DF 6 1 (0)
50%
474 Wayne Rooney MF, FW 4 2 (0)
50%
385 Wesley Sneijder MF 5 0 (1)
50%
169 Wojciech Szczęsny GK 7 0 (0)
50%
40 Xabi Alonso MF 10 0 (1)
50%
68 Xavi MF 9 1 (1)
50%
309 Yaya Touré MF 6 3 (0)
50%
611 Abou Diaby MF 1 0 (0)
25%
126 Adriano DF, MF 7 0 (1)
25%
543 Ahmed Musa MF, FW 2 0 (0)
25%
314 Aleksandar Kolarov DF 5 1 (0)
25%
129 Alessandro Nesta DF 7 0 (0)
25%
131 Alexandre Song DF, MF 7 0 (0)
25%
43 Álvaro Arbeloa DF 9 0 (0)
25%
176 Álvaro Pereira DF, MF 6 0 (0)
25%
394 Andrea Dossena DF, MF 4 0 (0)
25%
396 Andrey Arshavin MF, FW 4 0 (0)
25%
478 Ángel López DF, MF 3 0 (0)
25%
480 Antonio Cassano FW 3 1 (0)
25%
320 Antonio Valencia DF, MF 5 1 (1)
25%
23 Axel Witsel DF, MF 10 0 (1)
25%
402 Bacary Sagna DF 4 0 (0)
25%
75 Bernd Leno GK 8 0 (0)
25%
181 Blerim Džemaili MF 6 0 (0)
25%
323 Bruno Alves DF 5 0 (0)
25%
25 Bruno César MF, FW 10 2 (1)
25%
487 Burak Yılmaz FW 3 0 (0)
25%
621 Carlos Tevez MF, FW 1 0 (0)
25%
406 Chris Smalling DF 4 0 (0)
25%
137 Christian Maggio DF, MF 7 0 (1)
25%
623 Cristian Rodríguez MF 1 0 (0)
25%
408 Cristián Zapata DF 4 0 (0)
25%
27 Dani Alves DF, MF 10 0 (3)
25%
186 Daniel Kolář MF 6 0 (0)
25%
138 Daniel Sturridge MF, FW 7 0 (1)
25%
328 Danijel Pranjić DF, MF 5 0 (0)
25%
329 Darijo Srna DF, MF 5 0 (0)
25%
555 Darren Fletcher MF 2 1 (0)
25%
28 David Alaba DF, MF 10 0 (1)
25%
409 David de Gea GK 4 0 (0)
25%
412 David Villa MF, FW 4 3 (1)
25%
195 Dejan Lovren DF 6 0 (0)
25%
196 Didier Zokora MF 6 0 (0)
25%
197 Diego Alves GK 6 0 (0)
25%
198 Diego López GK 6 0 (0)
25%
333 Edin Džeko FW 5 0 (2)
25%
205 Éric Abidal DF 6 0 (0)
25%
84 Ezequiel Lavezzi MF, FW 8 2 (4)
25%
337 Fábio DF, FW 5 0 (0)
25%
86 Fábio Coentrão DF, FW 8 0 (0)
25%
563 Federico Fernández DF 2 2 (0)
25%
423 Gaël Clichy DF 4 0 (0)
25%
424 Gareth Barry MF 4 0 (0)
25%
87 Gökhan Inler MF 8 2 (2)
25%
425 Gonzalo Rodríguez DF 4 0 (0)
25%
216 Halil Altıntop MF, FW 6 1 (0)
25%
426 Hamit Altıntop DF, MF 4 0 (0)
25%
636 Hans-Jörg Butt GK 1 0 (0)
25%
90 Hélio Pinto MF 8 0 (1)
25%
91 Hugo Campagnaro DF 8 0 (0)
25%
92 Hugo Lloris GK 8 0 (0)
25%
219 Hulk MF, FW 6 4 (1)
25%
572 İlkay Gündoğan MF 2 0 (0)
25%
347 Ivica Olić FW 5 2 (0)
25%
429 James Milner DF, MF 4 0 (0)
25%
223 James Rodríguez MF, FW 6 1 (1)
25%
224 Jan Vertonghen DF 6 0 (0)
25%
226 Jérémy Mathieu DF 6 0 (1)
25%
230 Joe Hart GK 6 0 (0)
25%
432 Joleon Lescott DF 4 0 (0)
25%
433 Jonny Evans DF 4 0 (0)
25%
643 José Manuel Pinto GK 1 0 (0)
25%
234 Júlio César GK 6 0 (0)
25%
100 Kaká MF, FW 8 3 (6)
25%
436 Kaká DF 4 0 (0)
25%
439 Kieran Gibbs DF, MF 4 0 (0)
25%
151 Kim Källström MF 7 0 (0)
25%
356 Laurent Koscielny DF 5 1 (0)
25%
441 Lisandro López MF, FW 4 1 (0)
25%
584 Luca Castellazzi GK 2 0 (0)
25%
652 Luís Martins DF 1 0 (0)
25%
241 Luiz Adriano MF, FW 6 3 (0)
25%
653 Łukasz Fabiański GK 1 0 (0)
25%
242 Łukasz Piszczek DF, MF 6 0 (0)
25%
518 Maicon DF 3 0 (0)
25%
359 Marcel Schmelzer DF 5 0 (0)
25%
105 Marek Hamšík MF 8 2 (1)
25%
522 Mario Balotelli FW 3 2 (0)
25%
251 Massimo Ambrosini MF 6 0 (0)
25%
663 Maxi López FW 1 0 (0)
25%
58 Maxi Pereira DF 9 2 (0)
25%
527 Maxwell DF 3 0 (0)
25%
449 Michael Carrick MF 4 0 (0)
25%
259 Mikel Arteta MF 6 0 (0)
25%
108 Morgan De Sanctis GK 8 0 (0)
25%
156 Nemanja Matić MF 7 0 (0)
25%
591 Nemanja Vidić DF 2 0 (0)
25%
452 Neven Subotić DF 4 0 (0)
25%
453 Nicolas Anelka FW 4 0 (0)
25%
456 Nuri Şahin MF 4 0 (0)
25%
269 Ömer Toprak DF 6 0 (0)
25%
157 Paolo Cannavaro DF 7 0 (0)
25%
369 Patrice Evra DF 5 0 (0)
25%
371 Per Mertesacker DF 5 0 (0)
25%
275 Philippe Mexès DF 6 0 (0)
25%
274 Phil Jones DF, MF 6 1 (1)
25%
277 Rafinha DF 6 1 (0)
25%
675 Rafinha MF, FW 1 0 (0)
25%
463 Renato Augusto MF 4 0 (0)
25%
464 Rio Ferdinand DF 4 0 (0)
25%
282 Roman Weidenfeller GK 6 0 (0)
25%
66 Seydou Keita MF 9 0 (1)
25%
289 Shinji Kagawa MF, FW 6 1 (0)
25%
604 Stephan El Shaarawy DF, MF, FW 2 0 (0)
25%
163 Thiago Alcántara MF 7 0 (1)
25%
687 Thierry Henry FW 1 0 (0)
25%
382 Thomas Vermaelen DF 5 0 (1)
25%
383 Toby Alderweireld DF 5 0 (0)
25%
299 Tomáš Rosický MF 6 1 (0)
25%
607 Túlio de Melo FW 2 1 (0)
25%
692 Vedran Ćorluka DF 1 0 (1)
25%
307 Willian MF, FW 6 1 (0)
25%
308 Xherdan Shaqiri MF, FW 6 0 (1)
25%
124 Yann Sommer GK 8 0 (0)
25%
170 Yuto Nagatomo DF 7 0 (1)
25%
610 Abel Masuero DF 1 0 (0)
0%
312 Adam Johnson MF 5 0 (0)
0%
172 Adrián Calello MF 6 0 (0)
0%
313 Adrian Mierzejewski MF, FW 5 0 (0)
0%
387 Adrian Sălăgeanu DF, MF 4 0 (0)
0%
41 Aílton Gonçalves FW 9 3 (1)
0%
69 Alan Dzagoev MF, FW 8 1 (3)
0%
173 Alanzinho MF 6 0 (0)
0%
127 Alberto Aquilani MF 7 0 (1)
0%
388 Aldo Adorno MF, FW 4 0 (0)
0%
70 Aleksandar Dragović DF, MF 8 0 (0)
0%
128 Aleksandr Anyukov DF 7 0 (0)
0%
315 Aleksandr Bukharov FW 5 0 (1)
0%
389 Aleksandr Kerzhakov FW 4 0 (1)
0%
316 Aleksandrs Cauņa MF, FW 5 1 (1)
0%
71 Aleksei Berezutski DF 8 0 (1)
0%
612 Alessandro Rosina MF 1 0 (0)
0%
476 Alex DF 3 0 (0)
0%
130 Alexander Frei FW 7 5 (0)
0%
614 Alexandru Benga DF, MF 1 0 (0)
0%
613 Alex Porfirio de Lima MF, FW 1 0 (0)
0%
317 Alex Teixeira MF, FW 5 0 (1)
0%
177 Alyaksandr Hutar GK 6 0 (0)
0%
391 Alyaksandr Pawlaw MF 4 0 (0)
0%
392 Alyaksandr Valadzko MF 4 0 (0)
0%
393 Alyaksandr Yurevich DF 4 0 (0)
0%
132 Aly Cissokho DF 7 0 (2)
0%
615 Anastasios Papazoglou DF, MF 1 0 (0)
0%
13 Anatoliy Tymoshchuk DF, MF 11 0 (0)
0%
544 Anders Lindegaard GK 2 0 (0)
0%
616 Andrea Poli MF 1 0 (0)
0%
545 Andrea Ranocchia DF 2 0 (0)
0%
44 André Ayew MF, FW 9 4 (1)
0%
395 André-Pierre Gignac MF, FW 4 0 (0)
0%
178 André Santos DF, MF 6 1 (0)
0%
72 André Schürrle MF, FW 8 1 (0)
0%
617 Andreu Fontàs DF 1 0 (0)
0%
319 Anele Ngcongca DF, MF 5 0 (0)
0%
397 Ante Rukavina FW 4 0 (0)
0%
479 Anthony Limbombe DF, FW 3 0 (0)
0%
134 Anthony Réveillère DF 7 0 (0)
0%
398 Anthony Vanden Borre DF, MF 4 0 (0)
0%
546 Antonio Adán GK 2 0 (0)
0%
618 Antonio Barragán DF, MF 1 0 (0)
0%
21 Antonio Nocerino MF 10 1 (2)
0%
399 Ariel Ibagaza MF 4 0 (2)
0%
547 Arijan Ademi MF 2 0 (0)
0%
400 Aritz Aduriz FW 4 1 (0)
0%
179 Arkadiusz Głowacki DF 6 0 (0)
0%
180 Artem Kontsevoy FW 6 0 (0)
0%
548 Artem Radkov DF 2 0 (0)
0%
22 Artur Moraes GK 10 0 (0)
0%
481 Ashley Young DF, FW 3 1 (0)
0%
482 Athos Solomou DF, MF 3 0 (0)
0%
401 Aurélien Chedjou DF 4 0 (0)
0%
321 Avraam Papadopoulos DF, MF 5 0 (0)
0%
483 Aykut Akgün MF 3 0 (0)
0%
135 Bafétimbi Gomis FW 7 5 (0)
0%
136 Bakary Koné DF 7 1 (0)
0%
484 Balázs Megyeri GK 3 0 (0)
0%
485 Bastian Oczipka DF, FW 3 0 (0)
0%
322 Benjamin Huggel MF 5 1 (1)
0%
46 Benoît Cheyrou MF 9 0 (0)
0%
403 Benoît Pedretti MF 4 1 (0)
0%
486 Borja Valero MF 3 0 (0)
0%
404 Brandão FW 4 1 (0)
0%
182 Branko Grahovac GK 6 0 (0)
0%
549 Bratislav Punoševac FW 2 0 (0)
0%
324 Bruno Soriano MF 5 0 (0)
0%
620 Bryan Cristante DF, MF 1 0 (0)
0%
76 Cabral MF 8 0 (0)
0%
488 Cani MF 3 1 (0)
0%
550 Carl Jenkinson DF 2 0 (0)
0%
405 Carlos Marchena DF, MF 4 0 (0)
0%
77 César Azpilicueta DF, MF 8 0 (0)
0%
183 Charles Kaboré DF, MF 6 0 (0)
0%
622 Chris Löwe DF, MF 1 0 (0)
0%
184 Christian Eriksen MF, FW 6 1 (2)
0%
551 Clément Grenier MF 2 0 (1)
0%
50 Constantinos Charalambides MF 9 0 (4)
0%
325 Cornel Râpă DF, MF 5 0 (0)
0%
407 Cris DF 4 0 (1)
0%
624 Cristian Săpunaru DF 1 0 (0)
0%
552 Cristian Sîrghi DF 2 0 (0)
0%
489 Cristian Tello DF, MF, FW 3 2 (0)
0%
553 Daley Blind DF, MF 2 0 (0)
0%
189 Daniele Bonera DF 6 0 (0)
0%
490 Daniel Parejo MF 3 0 (0)
0%
326 Daniel Pudil DF, FW 5 0 (0)
0%
327 Daniel Schwaab DF 5 0 (0)
0%
187 Dániel Tőzsér MF 6 0 (0)
0%
188 Daniel Van Buyten DF 6 0 (0)
0%
190 Danko Lazović FW 6 0 (0)
0%
191 Danny MF 6 1 (0)
0%
554 Danny Welbeck MF, FW 2 2 (0)
0%
79 David Abraham DF 8 0 (0)
0%
491 David Albelda DF, MF 3 0 (0)
0%
192 David Bystroň DF 6 1 (0)
0%
557 Davide Faraoni DF, MF 2 0 (0)
0%
410 David Fuster MF 4 2 (0)
0%
556 David Hubert DF, MF 2 0 (0)
0%
193 David Limberský DF, MF 6 0 (0)
0%
411 David Rozehnal DF 4 0 (1)
0%
558 Davy Klaassen MF 2 0 (0)
0%
413 Deividas Šemberas DF, MF 4 0 (0)
0%
414 Derk Boerrigter MF, FW 4 1 (0)
0%
559 Diego Contento DF 2 0 (0)
0%
492 Dimitar Berbatov FW 3 1 (0)
0%
415 Dimitri Payet MF, FW 4 0 (0)
0%
199 Dionisis Chiotis GK 6 0 (0)
0%
493 Djalma Campos MF, FW 3 0 (0)
0%
416 Djamel Abdoun MF 4 0 (0)
0%
561 Djamel Mesbah DF, MF 2 0 (0)
0%
495 Dmitri Bulykin FW 3 0 (0)
0%
562 Dmytro Chygrynskiy DF 2 0 (0)
0%
200 Domagoj Vida DF, MF 6 0 (0)
0%
140 Domenico Criscito DF, MF 7 0 (0)
0%
417 Dugary Ndabashinze MF, FW 4 0 (1)
0%
201 Dzmitry Baha MF 6 0 (0)
0%
496 Dzmitry Likhtarovich MF 3 0 (0)
0%
202 Eden Hazard MF, FW 6 0 (1)
0%
203 Ederson MF 6 0 (0)
0%
332 Edhar Alyakhnovich MF 5 0 (0)
0%
626 Eduardo Vargas MF, FW 1 0 (0)
0%
418 Egor Filipenko DF 4 0 (0)
0%
627 Eliaquim Mangala DF 1 0 (0)
0%
628 Elinton Andrade GK 1 0 (0)
0%
629 Elvir Rahimić MF 1 0 (0)
0%
204 Elyaniv Barda MF, FW 6 0 (0)
0%
51 Emerson DF 9 0 (0)
0%
497 Emmanuel Frimpong MF 3 0 (0)
0%
141 Eren Derdiyok FW 7 2 (0)
0%
142 Esteban Granero MF 7 0 (0)
0%
143 Esteban Solari FW 7 1 (0)
0%
419 Éver Banega MF 4 0 (0)
0%
83 Evgeni Aldonin MF 8 0 (1)
0%
335 Eyong Enoh MF 5 0 (0)
0%
144 Ezequiel Garay DF 7 0 (0)
0%
85 Fabian Frei DF, MF 8 3 (2)
0%
336 Fabien Camus MF 5 0 (1)
0%
206 Fatos Bećiraj FW 6 1 (0)
0%
630 Federico Macheda FW 1 0 (0)
0%
498 Felipe Santana DF 3 0 (0)
0%
420 Fernandinho DF, MF 4 0 (0)
0%
207 Fernando DF, MF 6 0 (0)
0%
338 Fernando Belluschi MF 5 0 (0)
0%
499 Filip Rudzik MF 3 0 (0)
0%
339 Florent Balmont MF 5 0 (1)
0%
631 Francis Coquelin DF, MF 1 0 (0)
0%
564 Francisco Yeste MF 2 0 (0)
0%
208 Franck Béria DF 6 0 (0)
0%
500 Franco Costanzo GK 3 0 (0)
0%
209 François Modesto DF, MF 6 2 (0)
0%
210 František Rajtoral DF, MF 6 0 (0)
0%
565 František Ševinský DF 2 0 (0)
0%
566 Fredy Guarín MF 2 0 (0)
0%
211 Gabriel Giurgiu MF 6 1 (0)
0%
421 Gabriel Paraschiv MF, FW 4 0 (0)
0%
422 Gabriel Viglianti MF, FW 4 0 (0)
0%
632 Gennaro Bracigliano GK 1 0 (0)
0%
567 Genséric Kusunga DF, MF 2 0 (0)
0%
341 Georgi Shchennikov DF, MF, FW 5 0 (0)
0%
633 Gerard Bordas MF, FW 1 0 (0)
0%
634 Gerard Deulofeu MF, FW 1 0 (0)
0%
343 Gervinho MF, FW 5 0 (0)
0%
212 Giampaolo Pazzini FW 6 3 (1)
0%
635 Gianluca Grava DF 1 0 (0)
0%
501 Gianluca Zambrotta DF 3 0 (0)
0%
568 Giannis Fetfatzidis MF 2 1 (0)
0%
502 Giannis Maniatis DF, MF 3 0 (0)
0%
213 Giray Kaçar DF 6 0 (0)
0%
569 Giuseppe Mascara FW 2 0 (0)
0%
503 Giuseppe Rossi FW 3 0 (0)
0%
88 Gonzalo Castro DF, MF 8 0 (1)
0%
89 Granit Xhaka DF, MF 8 0 (0)
0%
214 Gregory van der Wiel DF 6 1 (0)
0%
570 Gueïda Fofana DF, MF 2 0 (1)
0%
215 Gustavo Colman MF 6 1 (1)
0%
53 Gustavo Manduca MF, FW 9 4 (1)
0%
571 Hanno Balitsch MF 2 0 (0)
0%
504 Hélder Bruno Macedo Sousa MF 3 0 (0)
0%
217 Helton Arruda GK 6 0 (0)
0%
218 Henrikh Mkhitaryan MF, FW 6 0 (0)
0%
344 Hernán Pérez MF, FW 5 0 (0)
0%
637 Ibrahim Afellay MF, FW 1 0 (0)
0%
505 Idrissa Gana Gueye MF 3 0 (0)
0%
638 Ignasi Miquel DF 1 0 (0)
0%
93 Ignazio Abate DF, MF 8 0 (0)
0%
94 Igor Denisov MF 8 0 (0)
0%
220 Ioan Filip MF 6 0 (0)
0%
639 Ioannis Potouridis DF 1 0 (0)
0%
427 Ionuț Neagu MF 4 0 (0)
0%
573 Ireneusz Jeleń MF, FW 2 0 (0)
0%
146 Isaac Cuenca MF, FW 7 0 (4)
0%
574 Ishak Belfodil MF, FW 2 0 (0)
0%
221 Ivan Kelava GK 6 0 (0)
0%
345 Iván Marcano DF 5 0 (1)
0%
222 Ivan Perišić DF, MF, FW 6 1 (0)
0%
346 Ivan Tomečak DF, MF 5 1 (0)
0%
54 Ivan Tričkovski MF, FW 9 1 (0)
0%
147 Jacques Zoua FW 7 0 (1)
0%
428 Jádson MF 4 1 (1)
0%
348 Jakub Błaszczykowski MF 5 1 (0)
0%
575 Jakub Hora MF, FW 2 0 (0)
0%
506 Jardel DF 3 0 (0)
0%
507 Javier Camuñas MF, FW 3 0 (0)
0%
576 Javier Saviola FW 2 0 (0)
0%
95 Javi García DF, MF 8 1 (0)
0%
508 Jean Makoun MF 3 0 (0)
0%
640 Jean-Philippe Sabo DF 1 0 (0)
0%
225 Jelle Vossen MF, FW 6 2 (0)
0%
97 Jérémy Morel DF 8 0 (1)
0%
641 Jérémy Pied DF, FW 1 0 (0)
0%
227 Jerko Leko MF 6 0 (0)
0%
509 Jeroen Simaeys DF, MF 3 0 (0)
0%
98 Jimmy Briand MF, FW 8 1 (2)
0%
642 Joan Capdevila DF 1 0 (0)
0%
510 Joan Oriol DF 3 0 (1)
0%
228 João Moutinho MF 6 0 (1)
0%
577 Jody Lukoki MF, FW 2 0 (0)
0%
148 Joel Obi DF, MF 7 0 (0)
0%
431 Johan Djourou DF 4 0 (0)
0%
578 John Ibeh MF 2 0 (0)
0%
349 Jonas FW 5 3 (3)
0%
231 Jonathan de Guzmán MF 6 1 (0)
0%
579 Jonathan dos Santos MF 2 0 (0)
0%
580 Jonathan Moreira DF 2 0 (0)
0%
232 Jordan Ayew MF, FW 6 0 (0)
0%
511 Jorge Fucile DF 3 0 (0)
0%
350 José Callejón MF, FW 5 5 (0)
0%
435 José Catalá DF 4 0 (0)
0%
581 Josef de Souza MF 2 0 (0)
0%
233 José Holebas DF, MF 6 1 (0)
0%
512 Joselu FW 3 0 (0)
0%
513 Josip Šimunić DF 3 0 (0)
0%
149 Juan Zúñiga DF, MF 7 0 (0)
0%
582 Karim Bellarabi DF, MF, FW 2 1 (0)
0%
644 Keisuke Honda MF, FW 1 0 (0)
0%
352 Kennedy Ugoala Nwanganga MF, FW 5 0 (0)
0%
235 Kenneth Vermeer GK 6 0 (0)
0%
437 Kevin De Bruyne MF, FW 4 0 (0)
0%
353 Kevin Großkreutz DF, FW 5 1 (0)
0%
236 Kevin Mirallas MF, FW 6 0 (1)
0%
438 Khaleem Hyland MF 4 0 (0)
0%
645 Kirill Aleksiyan MF 1 0 (0)
0%
354 Kirill Nababkin DF, MF, FW 5 0 (0)
0%
355 Kléber FW 5 1 (0)
0%
583 Kolbeinn Sigþórsson FW 2 0 (0)
0%
101 Konstantin Zyryanov MF 8 1 (1)
0%
102 Lars Bender DF, MF 8 1 (0)
0%
237 László Köteles GK 6 0 (0)
0%
647 Laurent Bonnart DF 1 0 (0)
0%
514 Laurențiu Iorga MF 3 0 (0)
0%
649 Leandro Cufré DF 1 0 (0)
0%
238 Liviu Antal MF, FW 6 1 (0)
0%
515 Ljubomir Fejsa MF 3 0 (0)
0%
56 Loïc Rémy FW 9 2 (1)
0%
650 Lorenzo Crisetig MF 1 0 (0)
0%
357 Lorenzo Ebecilio MF, FW 5 0 (0)
0%
442 Luca Antonini DF, MF 4 0 (0)
0%
651 Luca Caldirola DF 1 0 (0)
0%
516 Lucas Barrios FW 3 0 (0)
0%
239 Lucho González MF 6 1 (0)
0%
358 Ludovic Obraniak MF 5 0 (0)
0%
103 Luisão DF 8 0 (0)
0%
240 Luis Ibáñez DF, MF 6 0 (1)
0%
33 Luiz Gustavo DF, MF 10 0 (0)
0%
517 Maicon Sisenando DF 3 0 (0)
0%
243 Maksim Bardachow DF, MF 6 0 (0)
0%
654 Maksim Kanunnikov MF, FW 1 0 (0)
0%
443 Maksim Skavysh FW 4 0 (0)
0%
519 Maksim Valadzko DF, MF, FW 3 0 (0)
0%
444 Manuel Friedrich DF 4 1 (0)
0%
655 Marc Bartra DF, MF 1 0 (0)
0%
104 Marcelo José Oliveira DF 8 0 (0)
0%
656 Marcelo Martins Moreno FW 1 0 (0)
0%
244 Marcinho MF 6 0 (0)
0%
585 Marc Muniesa DF, MF 2 0 (0)
0%
657 Marco Amelia GK 1 0 (0)
0%
520 Marco Ruben FW 3 0 (0)
0%
658 Marcos Gullón MF 1 0 (0)
0%
445 Marcos Senna MF 4 0 (0)
0%
154 Marco Streller FW 7 2 (2)
0%
245 Marek Bakoš FW 6 2 (1)
0%
521 Marek Sapara MF 3 0 (0)
0%
361 Marián Čišovský DF 5 0 (1)
0%
659 Marinos Satsias DF, MF 1 0 (0)
0%
446 Mario Gaspar DF, MF 4 0 (0)
0%
523 Mario Santana MF 3 0 (0)
0%
660 Marios Elia DF 1 0 (0)
0%
524 Mario Šitum DF, MF, FW 3 0 (0)
0%
248 Marius Pena FW 6 1 (0)
0%
447 Marko Baša DF 4 0 (0)
0%
525 Marko Pantelić FW 3 0 (0)
0%
250 Marko Simić DF, MF 6 0 (0)
0%
106 Markus Steinhöfer DF, MF 8 0 (0)
0%
249 Mark van Bommel MF 6 0 (0)
0%
448 Marouane Chamakh FW 4 0 (1)
0%
526 Martin Fillo MF, FW 3 0 (0)
0%
662 Martín Montoya DF, MF 1 1 (0)
0%
661 Martí Riverola MF 1 0 (0)
0%
586 Marvin Ogunjimi FW 2 0 (0)
0%
362 Mateja Kežman FW 5 0 (0)
0%
252 Mateo Kovačić MF 6 1 (0)
0%
363 Mateo Musacchio DF 5 0 (0)
0%
253 Mathieu Debuchy DF 6 0 (0)
0%
587 Mattia De Sciglio DF, MF 2 0 (0)
0%
155 Mauro Zárate MF, FW 7 1 (1)
0%
255 Maxime Gonalons MF 6 1 (0)
0%
588 Mehmed Alispahić MF 2 0 (0)
0%
528 Mehmet Topal DF, MF 3 0 (0)
0%
664 Micah Richards DF 1 0 (0)
0%
256 Michael Ballack MF 6 1 (2)
0%
665 Michael Owen FW 1 0 (0)
0%
257 Michal Ďuriš MF, FW 6 1 (0)
0%
107 Michal Kadlec DF 8 1 (0)
0%
258 Michel Bastos DF, MF 6 0 (0)
0%
364 Mickaël Landreau GK 5 0 (0)
0%
365 Miguel Monteiro DF 5 0 (0)
0%
450 Miguel Vítor DF 4 0 (0)
0%
451 Mikhail Gordeichuk MF, FW 4 0 (0)
0%
260 Milan Badelj MF 6 0 (1)
0%
366 Milan Perendija DF 5 0 (0)
0%
261 Milan Petržela MF, FW 6 0 (1)
0%
262 Miralem Sulejmani MF, FW 6 1 (1)
0%
666 Mohamed Sarr DF, MF 1 0 (0)
0%
667 Mohamed Zidan FW 1 0 (0)
0%
59 Morgan Amalfitano MF 9 0 (0)
0%
529 Moritz Leitner MF 3 0 (0)
0%
530 Mouhamadou Dabo DF 3 0 (0)
0%
263 Moussa Sow MF, FW 6 3 (0)
0%
668 Mustafa Yumlu DF 1 0 (0)
0%
669 Nejc Skubic DF 1 0 (0)
0%
265 Nektarios Alexandrou DF, FW 6 0 (0)
0%
590 Nélson Oliveira FW 2 1 (0)
0%
670 Nicolai Boilesen DF 1 0 (0)
0%
592 Nicolai Jørgensen MF, FW 2 0 (0)
0%
35 Nicolás Gaitán MF, FW 10 0 (2)
0%
454 Nicolás Lodeiro MF, FW 4 1 (0)
0%
109 Nicolas Lombaerts DF 8 1 (0)
0%
36 Nicolas Nkoulou DF 10 0 (0)
0%
367 Nicolás Otamendi DF 5 0 (0)
0%
455 Nikola Pokrivač MF 4 0 (0)
0%
531 Nilmar FW 3 0 (0)
0%
532 Nils Petersen MF, FW 3 0 (0)
0%
110 Nolito MF, FW 8 0 (0)
0%
37 Nuno Morais DF, MF 10 0 (0)
0%
593 Oleksandr Chyzhov DF 2 0 (0)
0%
266 Oleksandr Kucher DF 6 0 (0)
0%
267 Oleksandr Rybka GK 6 0 (0)
0%
268 Olof Mellberg DF, MF 6 0 (0)
0%
270 Ondřej Čelůstka DF 6 1 (0)
0%
533 Oriol Romeu MF 3 0 (0)
0%
60 Óscar Cardozo FW 9 4 (1)
0%
111 Pablo Aimar MF 8 1 (2)
0%
457 Pablo Orbaiz MF 4 0 (0)
0%
458 Pablo Piatti MF, FW 4 0 (0)
0%
534 Pak Kwang-ryong FW 3 0 (0)
0%
594 Park Chu-young MF, FW 2 0 (0)
0%
460 Park Ji-sung MF 4 0 (0)
0%
112 Park Joo-ho DF, MF 8 0 (0)
0%
370 Paulo Henrique FW 5 0 (0)
0%
272 Pavel Horváth MF 6 0 (0)
0%
158 Pavel Mamayev MF, FW 7 0 (0)
0%
596 Paweł Brożek FW 2 0 (0)
0%
273 Petr Jiráček MF 6 0 (1)
0%
672 Petr Trapp MF 1 0 (0)
0%
673 Philipp Degen DF, FW 1 0 (0)
0%
535 Philippe Coutinho MF, FW 3 0 (0)
0%
597 Pontus Wernbloom MF, FW 2 1 (0)
0%
598 Radim Řezník DF 2 0 (0)
0%
674 Radoslav Kováč DF, MF 1 0 (0)
0%
276 Rafik Djebbour FW 6 2 (0)
0%
461 Raphaël Varane DF, MF 4 0 (1)
0%
462 Răzvan Raț DF 4 0 (1)
0%
278 Renan Bardini Bressan MF 6 2 (0)
0%
373 Ricky Álvarez MF 5 1 (1)
0%
279 Rio Mavuba MF 6 0 (0)
0%
281 Roberto Soldado FW 6 5 (1)
0%
676 Róbert Vittek FW 1 0 (0)
0%
374 Rod Fanni DF 5 0 (0)
0%
64 Rodrigo MF, FW 9 1 (1)
0%
375 Rolando DF 5 0 (0)
0%
677 Roman Pavlík GK 1 0 (0)
0%
114 Roman Shirokov DF, MF 8 5 (0)
0%
600 Ronny Rodelin MF, FW 2 0 (0)
0%
465 Rúben Amorim MF 4 0 (0)
0%
115 Salvatore Aronica DF 8 0 (0)
0%
284 Sammir MF, FW 6 0 (0)
0%
285 Sanel Jahić DF, FW 6 0 (0)
0%
65 Savvas Poursaitidis DF, MF 9 0 (0)
0%
376 Scott Chipperfield DF, MF 5 0 (1)
0%
377 Sebastian Kehl DF, MF 5 0 (0)
0%
679 Sébastien Squillaci DF 1 0 (0)
0%
286 Sekou Oliseh MF, FW 6 0 (0)
0%
680 Semyon Fedotov DF, MF 1 0 (0)
0%
681 Serder Serderov MF, FW 1 0 (0)
0%
601 Sergei Chepchugov GK 2 0 (0)
0%
117 Sergei Ignashevich DF 8 0 (0)
0%
378 Sergei Semak MF 5 1 (0)
0%
537 Sergio Canales MF, FW 3 0 (0)
0%
682 Sergi Roberto DF, MF 1 1 (0)
0%
466 Sergiu Costin DF, MF 4 0 (0)
0%
288 Serkan Balcı DF 6 0 (0)
0%
161 Seydou Doumbia FW 7 5 (0)
0%
291 Silvestre Varela MF, FW 6 0 (0)
0%
379 Silviu Ilie DF, MF 5 0 (0)
0%
602 Šime Vrsaljko DF, MF 2 0 (0)
0%
683 Simone Andrea Ganz FW 1 0 (0)
0%
118 Simon Rolfes MF 8 0 (0)
0%
292 Sofiane Feghouli MF, FW 6 0 (0)
0%
380 Sorin Frunză MF 5 0 (0)
0%
119 Souleymane Diawara DF 8 0 (0)
0%
120 Stefan Kießling MF, FW 8 1 (0)
0%
162 Stefan Reinartz DF, MF 7 0 (0)
0%
603 Stefan Savić DF, MF 2 0 (0)
0%
381 Stéphane Mbia DF, MF 5 0 (0)
0%
67 Steve Mandanda GK 9 0 (0)
0%
293 Steven Defour MF 6 0 (0)
0%
468 Sven Bender DF, MF 4 0 (0)
0%
684 Szabolcs Huszti MF 1 0 (0)
0%
685 Takashi Usami MF, FW 1 0 (0)
0%
686 Taulant Xhaka DF, MF 1 0 (0)
0%
469 Taye Taiwo DF 4 0 (0)
0%
294 Theo Janssen MF 6 0 (0)
0%
605 Thiago Motta MF 2 0 (0)
0%
296 Thomas Buffel MF, FW 6 0 (0)
0%
688 Thulani Serero MF, FW 1 0 (0)
0%
689 Tijani Belaïd MF 1 0 (0)
0%
297 Tolga Zengin GK 6 0 (0)
0%
121 Tomáš Hubočan DF 8 0 (1)
0%
298 Tomáš Hübschman DF, MF 6 0 (0)
0%
606 Tomáš Necid FW 2 0 (0)
0%
470 Tonel DF 4 0 (0)
0%
165 Urby Emanuelson DF, MF, FW 7 0 (0)
0%
384 Urko Pardo GK 5 0 (0)
0%
300 Václav Pilař MF, FW 6 0 (0)
0%
690 Vadim Kurlovich MF 1 0 (0)
0%
301 Vágner Love FW 6 1 (3)
0%
539 Valentin Stocker MF 3 1 (0)
0%
122 Vasili Berezutski DF 8 1 (0)
0%
471 Vasilis Torosidis DF, MF 4 0 (0)
0%
691 Vasyl Kobin DF, MF 1 0 (0)
0%
302 Víctor Ruiz DF, MF 6 0 (0)
0%
123 Viktor Fayzulin MF 8 1 (1)
0%
693 Vincent Enyeama GK 1 0 (0)
0%
694 Vito Mannone GK 1 0 (0)
0%
472 Vladimir Bystrov MF 4 0 (1)
0%
540 Vladimír Darida MF 3 0 (0)
0%
304 Vladimir Gabulov GK 6 0 (0)
0%
305 Vurnon Anita DF, MF 6 0 (0)
0%
166 Vyacheslav Malafeev GK 7 0 (0)
0%
608 Vyacheslav Shevchuk DF 2 0 (1)
0%
473 Wakaso MF 4 0 (0)
0%
167 Walter Gargano MF 7 0 (0)
0%
168 William Boaventura DF, MF 7 0 (0)
0%
695 Yannick Djaló MF, FW 1 0 (0)
0%
475 Yaroslav Rakitskiy DF 4 0 (0)
0%
541 Yevhen Seleznyov FW 3 1 (0)
0%
386 Yoann Gourcuff MF 5 0 (0)
0%
542 Yossi Benayoun MF 3 1 (0)
0%
696 Yuri Zhevnov GK 1 0 (0)
0%
697 Zeki Fryers DF 1 0 (0)
0%
609 Zoran Ljubinković DF 2 0 (0)
0%
310 Zoran Tošić MF, FW 6 1 (1)
0%
No matching quizzes found
Score Distribution
Percent of People with Each Score
Percentile by Number Answered
Your Score History
You have not taken this quiz